Украина. Районы; Советский Союз: географическое описание

Dades bibliogràfiques
Parent link:Советский Союз: географическое описание: в 22 т./ пред. ред. коллегии С. В. Калесник. Украина. Районы.— , 1967-1972
Altres autors: Маринич А. М. (редактор), Кугукало И. А.
Idioma:rus
Publicat: 1969
Matèries:
Format: MixedMaterials Llibre
KOHA link:https://koha.lib.tpu.ru/cgi-bin/koha/opac-detail.pl?biblionumber=192401

MARC

LEADER 00000nam2a2200000 4500
001 192401
005 20231031181311.0
035 |a (RuTPU)RU\TPU\book\209804 
035 |a RU\TPU\book\209802 
090 |a 192401 
100 |a 20110226d1969 m y0rusy50 ca 
101 0 |a rus 
102 |a RU 
105 |a a z 001zy 
200 0 |a Украина. Районы  |f отв. ред. А. М. Маринич, И. А. Кугукало 
210 |d 1969 
215 |a 360 с.  |c ил. 
320 |a Библиогр.: с. 344. 
320 |a Указатель географических названий: с. 345-357. 
461 1 |0 (RuTPU)RU\TPU\book\16236  |t Советский Союз: географическое описание  |o в 22 т.  |f пред. ред. коллегии С. В. Калесник  |v Украина. Районы  |d 1967-1972 
610 1 |a СССР 
610 1 |a Украина 
610 1 |a районы 
610 1 |a Северо-Восток 
610 1 |a индустрия 
610 1 |a Донбасс 
610 1 |a Приднепровье 
610 1 |a промышленность 
610 1 |a Подольская губерния 
610 1 |a Львовско-Волынский край 
610 1 |a Карпаты 
610 1 |a Причерноморье 
610 1 |a Крым 
675 |a 91  |v 3 
702 1 |a Маринич  |b А. М.  |4 340 
702 1 |a Кугукало  |b И. А.  |4 340 
801 1 |a RU  |b 63413507  |c 20110226 
801 2 |a RU  |b 63413507  |c 20110908  |g RCR 
942 |c BK